[Event "Chinese League (Division A) 2015"]
[Site "China CHN"]
[Date "2015.04.13"]
[Round "4"]
[White "Matlakov, Maxim"]
[Black "Ni, Hua"]
[Result "1/2-1/2"]
[WhiteElo "2693"]
[BlackElo "2704"]
[PlyCount "58"]
[EventDate "2015.04.10"]
[WhiteTeam "Zhejiang"]
[BlackTeam "Shanghai"]

1. d4 Nf6 2. c4 e6 3. Nf3 d5 4. Nc3 c5 5. cxd5 cxd4 6. Qxd4 exd5 7. e4 Nc6 8.
Bb5 dxe4 9. Qxd8+ Kxd8 10. Ng5 Be6 11. O-O Bb4 12. Ncxe4 Nxe4 13. Nxe4 Ke7 14.
Be3 Rhd8 15. Ba4 Kf8 16. a3 Be7 17. Nc5 Bc8 18. Rfd1 Rxd1+ 19. Rxd1 Ne5 20.
Nd7+ Nxd7 21. Bxd7 Bf6 22. Bc5+ Kg8 23. b4 Bxd7 24. Rxd7 b6 25. Be3 Rd8 26.
Rxd8+ Bxd8 27. Kf1 a6 28. a4 b5 29. axb5 axb5 1/2-1/2

[Event "Italian League 2015"]
[Site "Civitanova Marche ITA"]
[Date "2015.04.29"]
[Round "1"]
[White "Manca, Federico"]
[Black "Bacrot, Etienne"]
[Result "0-1"]
[WhiteElo "2414"]
[BlackElo "2712"]
[PlyCount "95"]
[EventDate "2015.04.29"]
[WhiteTeam "Pizzato Elettrica Scacchi Marostica"]
[BlackTeam "Obiettivo Risarcimento Padova"]

1. e4 g6 2. d4 d6 3. Nc3 Bg7 4. Be3 a6 5. f4 b5 6. Nf3 Bb7 7. Bd3 Nd7 8. e5 c5
9. e6 fxe6 10. Ng5 Bxd4 11. Nxe6 Bxc3+ 12. bxc3 Qc8 13. O-O Ngf6 14. Qe1 Nf8
15. Ng5 Qc6 16. Rf2 N8d7 17. a4 bxa4 18. c4 Rg8 19. Ne6 Nf8 20. Ng5 N8d7 21.
Ne6 Nf8 22. Ng5 h6 23. Nf3 Qd7 24. Bd2 O-O-O 25. c3 Kb8 26. Rb1 Ka8 27. Bc1 g5
28. fxg5 hxg5 29. Rfb2 Rb8 30. Nxg5 a3 31. Ra2 Qc6 32. Bf1 e5 33. Rxa3 N8h7 34.
h4 Nxg5 35. hxg5 Ne4 36. Rab3 Nxg5 37. Bxg5 Rxg5 38. Qd2 Rf5 39. Rb6 Qc7 40.
Bd3 Rf4 41. Qa2 Ka7 42. Qa5 Qg7 43. R6b2 Qg3 44. Qb6+ Ka8 45. Re2 Qxd3 46. Ra1
Qxc4 47. Rb2 Qd3 48. Re1 0-1

[Event "Italian League 2015"]
[Site "Civitanova Marche ITA"]
[Date "2015.04.29"]
[Round "2"]
[White "Bacrot, Etienne"]
[Black "Lenic, Luka"]
[Result "1/2-1/2"]
[WhiteElo "2712"]
[BlackElo "2648"]
[PlyCount "33"]
[EventDate "2015.04.29"]
[WhiteTeam "Obiettivo Risarcimento Padova"]
[BlackTeam "SS Triestina 1904"]

1. d4 Nf6 2. c4 e6 3. Nf3 d5 4. Nc3 c6 5. Bg5 h6 6. Bh4 dxc4 7. e4 g5 8. Bg3 b5
9. Be2 Bb7 10. Qc2 Nbd7 11. Rd1 Qb6 12. Nd2 Be7 13. a4 a6 14. O-O Rc8 15. b3
cxb3 16. Nxb3 h5 17. h3 1/2-1/2

[Event "Nakhchivan Open 2015"]
[Site "Nakhchivan AZE"]
[Date "2015.05.02"]
[Round "1"]
[White "Kasimdzhanov, Rustam"]
[Black "Mammadov, Ayaz"]
[Result "1/2-1/2"]
[WhiteElo "2712"]
[BlackElo "2407"]
[PlyCount "81"]
[EventDate "2015.05.02"]

1. d4 d5 2. c4 e6 3. Nc3 c6 4. e3 Nf6 5. Nf3 Nbd7 6. Qc2 Bd6 7. b3 O-O 8. Be2
e5 9. Bb2 exd4 10. Nxd4 dxc4 11. Bxc4 Re8 12. O-O Qc7 13. h3 Nc5 14. Rfd1 Qe7
15. Rac1 Bd7 16. Nf5 Bxf5 17. Qxf5 Qe5 18. Qxe5 Bxe5 19. Ba3 Ne6 20. Na4 b6 21.
Be2 c5 22. g3 Rad8 23. Kg2 Rxd1 24. Rxd1 Rd8 25. Rxd8+ Nxd8 26. f4 Ba1 27. Bf3
Ne6 28. Nb2 Nc7 29. Nd3 Nb5 30. Bc1 Nc3 31. a4 Nfe4 32. Ne5 Na2 33. Nd3 Nac3
34. g4 Kf8 35. g5 f6 36. gxf6 gxf6 37. Bxe4 Nxe4 38. Kf3 f5 39. Nf2 Nxf2 40.
Kxf2 Kf7 41. e4 1/2-1/2

[Event "Nakhchivan Open 2015"]
[Site "Nakhchivan AZE"]
[Date "2015.05.02"]
[Round "1"]
[White "Arat, Ufuk Sezen"]
[Black "Bacrot, Etienne"]
[Result "1/2-1/2"]
[WhiteElo "2361"]
[BlackElo "2712"]
[PlyCount "56"]
[EventDate "2015.05.02"]

1. d4 Nf6 2. Nf3 e6 3. c4 b6 4. g3 Ba6 5. b3 Bb4+ 6. Bd2 Be7 7. Bg2 d5 8. cxd5
exd5 9. O-O O-O 10. Nc3 Re8 11. Rc1 Bb7 12. Bf4 Na6 13. Ne5 c5 14. Qd3 cxd4 15.
Nb5 Nc5 16. Qb1 Ne6 17. Nd3 Ne4 18. Qb2 Bf6 19. Be5 Qe7 20. Bxd4 Ba6 21. Bxf6
Nxf6 22. Nd4 Nxd4 23. Qxd4 Qxe2 24. Nf4 Qe7 25. Rfd1 Bb7 26. Nxd5 Nxd5 27. Bxd5
Red8 28. Qc4 Bxd5 1/2-1/2

[Event "Italian League 2015"]
[Site "Civitanova Marche ITA"]
[Date "2015.05.01"]
[Round "5"]
[White "Altini, Nicola"]
[Black "Vachier-Lagrave, Maxime"]
[Result "1-0"]
[WhiteElo "2410"]
[BlackElo "2765"]
[PlyCount "99"]
[EventDate "2015.04.29"]
[WhiteTeam "A.S.D. Arrocco Chess Club A Montesilvano"]
[BlackTeam "Obiettivo Risarcimento Padova"]

1. d4 Nf6 2. c4 g6 3. Nc3 d5 4. cxd5 Nxd5 5. Bd2 Nb6 6. Bg5 Bg7 7. Nf3 O-O 8.
e3 Bf5 9. Be2 N8d7 10. Bh4 h6 11. O-O Nf6 12. Rc1 c6 13. Ne5 Re8 14. g4 Bc8 15.
Bf3 Be6 16. Bg3 Nbd7 17. Na4 Rc8 18. b3 Qa5 19. Qe2 Nxe5 20. Bxe5 Nd7 21. Bg3
f6 22. Rfd1 Bf7 23. Nc5 Nxc5 24. Rxc5 Qb6 25. Qc2 e6 26. d5 exd5 27. Bxd5 Bxd5
28. Rdxd5 Rcd8 29. Qxg6 cxd5 30. Rc7 Qxc7 31. Bxc7 Rc8 32. Bf4 Re7 33. Bxh6 Rd8
34. h3 Rd6 35. Bf4 Rdd7 36. Bh6 Rd6 37. Bf4 Rdd7 38. Kg2 a6 39. Bh6 Rd6 40. Bf4
Rdd7 41. Kf3 d4 42. exd4 Rxd4 43. Be3 Rd5 44. h4 f5 45. g5 Rde5 46. Qb6 f4 47.
Bxf4 Rf7 48. Kg3 Ref5 49. Be3 Be5+ 50. Kg4 1-0

[Event "Italian League 2015"]
[Site "Civitanova Marche ITA"]
[Date "2015.05.02"]
[Round "6"]
[White "Vachier-Lagrave, Maxime"]
[Black "Palac, Mladen"]
[Result "1/2-1/2"]
[WhiteElo "2765"]
[BlackElo "2581"]
[PlyCount "39"]
[EventDate "2015.04.29"]
[WhiteTeam "Obiettivo Risarcimento Padova"]
[BlackTeam "Banca Nuova Palermo"]

1. e4 c5 2. Nf3 d6 3. d4 cxd4 4. Nxd4 Nf6 5. Nc3 a6 6. h3 e5 7. Nde2 h5 8. g3
b5 9. Nd5 Nbd7 10. Bg5 Be7 11. Nxe7 Qxe7 12. Nc3 Bb7 13. Nd5 Bxd5 14. exd5 O-O
15. Bg2 Rfe8 16. O-O e4 17. c3 Qe5 18. Bf4 Qf5 19. Bxd6 Nxd5 20. Re1 1/2-1/2

[Event "Nakhchivan Open 2015"]
[Site "Nakhchivan AZE"]
[Date "2015.05.03"]
[Round "2"]
[White "Mammadova, Gulnar"]
[Black "Kasimdzhanov, Rustam"]
[Result "1/2-1/2"]
[WhiteElo "2314"]
[BlackElo "2712"]
[PlyCount "101"]
[EventDate "2015.05.02"]

1. e4 e5 2. Nf3 Nc6 3. Bb5 a6 4. Bxc6 dxc6 5. O-O Be7 6. b3 f6 7. d4 Bg4 8.
dxe5 Qxd1 9. Rxd1 Bxf3 10. gxf3 fxe5 11. Nd2 Bf6 12. Ba3 O-O-O 13. Nc4 Nh6 14.
Kf1 Nf7 15. Ke2 Rde8 16. c3 Re6 17. Ne3 Ng5 18. Bc1 Nh3 19. Nc4 Rf8 20. Be3 Be7
21. Rd3 b5 22. Na5 c5 23. a4 c6 24. Rad1 c4 25. bxc4 bxa4 26. c5 Nf4+ 27. Bxf4
exf4 28. Ra1 Bxc5 29. Rxa4 Be7 30. Nb3 c5 31. Rd5 Rc6 32. Rc4 Rd8 33. Re5 Bd6
34. Rd5 Be7 35. Re5 Rd7 36. Rd5 Rb7 37. Nd2 Rh6 38. e5 Rd7 39. Rxd7 Kxd7 40.
Rxf4 Ke6 41. Ra4 Kxe5 42. Nc4+ Kf5 43. Ne3+ Kg5 44. f4+ Kh5 45. Re4 Bf6 46. Nf5
Rg6 47. Rc4 Rg2 48. Rxc5 Rxh2 49. Kf3 Kg6 50. Ng3 h5 51. f5+ 1/2-1/2

[Event "Nakhchivan Open 2015"]
[Site "Nakhchivan AZE"]
[Date "2015.05.04"]
[Round "3"]
[White "Bacrot, Etienne"]
[Black "Tabatabaei, M.amin"]
[Result "1-0"]
[WhiteElo "2712"]
[BlackElo "2448"]
[PlyCount "61"]
[EventDate "2015.05.02"]

1. c4 e5 2. Nc3 Nf6 3. Nf3 Nc6 4. e4 Bc5 5. Nxe5 Nxe5 6. d4 Bb4 7. dxe5 Nxe4 8.
Qf3 Nxc3 9. bxc3 Be7 10. Qg3 O-O 11. Bh6 g6 12. h4 d6 13. h5 dxe5 14. Rd1 Qe8
15. Bxf8 Qxf8 16. hxg6 fxg6 17. Qxe5 Bf6 18. Qd5+ Kg7 19. Qd2 Qe7+ 20. Be2 Bg4
21. Kf1 Be6 22. Qe3 b6 23. c5 bxc5 24. Kg1 Rb8 25. Re1 Bxa2 26. Qxe7+ Bxe7 27.
Bc4 Bxc4 28. Rxe7+ Bf7 29. Rxc7 a5 30. Rh4 g5 31. Re4 1-0

[Event "Nakhchivan Open 2015"]
[Site "Nakhchivan AZE"]
[Date "2015.05.06"]
[Round "5"]
[White "Bacrot, Etienne"]
[Black "Romanov, Evgeny"]
[Result "1/2-1/2"]
[WhiteElo "2712"]
[BlackElo "2613"]
[PlyCount "70"]
[EventDate "2015.05.02"]

1. Nf3 d5 2. d4 Nf6 3. c4 dxc4 4. e3 b5 5. a4 b4 6. a5 e6 7. a6 Nbd7 8. Bxc4
Bd6 9. Nbd2 O-O 10. O-O c5 11. Bd3 cxd4 12. exd4 Bf4 13. Qc2 Qc7 14. Nc4 Rb8
15. Bxf4 Qxf4 16. Nce5 Nb6 17. Nc6 Ra8 18. Nxb4 Bd7 19. Qc1 Qb8 20. Ra5 Rc8 21.
Rc5 Rxc5 22. Qxc5 Na4 23. Qa5 Nxb2 24. Be2 Qd6 25. Qc5 Qxc5 26. dxc5 Rb8 27. c6
Bc8 28. Nc2 Nd5 29. Ra1 Rb6 30. Nfd4 Kf8 31. Ne3 Nc7 32. Ra2 Ke7 33. f4 Rb4 34.
Nec2 Rb6 35. Ne3 Rb4 1/2-1/2

[Event "Nakhchivan Open 2015"]
[Site "Nakhchivan AZE"]
[Date "2015.05.06"]
[Round "5"]
[White "Kasimdzhanov, Rustam"]
[Black "Noroozi, Omid"]
[Result "1/2-1/2"]
[WhiteElo "2712"]
[BlackElo "2351"]
[PlyCount "75"]
[EventDate "2015.05.02"]

1. e4 c5 2. Nf3 d6 3. d4 cxd4 4. Nxd4 Nf6 5. Nc3 a6 6. Be3 e5 7. Nb3 Be6 8. Qd2
Be7 9. O-O-O Nbd7 10. f4 b5 11. Kb1 O-O 12. f5 Bc4 13. Bd3 Kh8 14. Rhg1 Ng4 15.
Qe2 Nxe3 16. Qxe3 d5 17. f6 Nxf6 18. exd5 Qc7 19. Rge1 Bb4 20. Bxc4 bxc4 21. a3
Bxa3 22. bxa3 cxb3 23. cxb3 Rab8 24. Na2 Qb7 25. b4 Nxd5 26. Qxe5 Nf6 27. Qb2
Rfd8 28. Ka1 Qc7 29. g3 h6 30. Qc3 Qb7 31. Rxd8+ Rxd8 32. Rc1 Qd5 33. Qb2 Re8
34. Nc3 Qd3 35. Qc2 Qd4 36. Rd1 Qe5 37. Qb2 Qf5 38. Qd2 1/2-1/2

[Event "Nakhchivan Open 2015"]
[Site "Nakhchivan AZE"]
[Date "2015.05.07"]
[Round "6"]
[White "Idani, Pouya"]
[Black "Bacrot, Etienne"]
[Result "1-0"]
[WhiteElo "2496"]
[BlackElo "2712"]
[PlyCount "69"]
[EventDate "2015.05.02"]

1. e4 e5 2. Nf3 Nc6 3. Bb5 Nf6 4. d3 Bc5 5. O-O d6 6. Nbd2 O-O 7. Bxc6 bxc6 8.
h3 Re8 9. Re1 h6 10. a4 a5 11. Nf1 Nh5 12. c3 Qf6 13. d4 Bb6 14. Ra3 Nf4 15.
Ng3 g6 16. c4 h5 17. c5 Ba7 18. dxe5 dxe5 19. Bxf4 Qxf4 20. Qc2 Rb8 21. Ne2 Qf6
22. Nc1 g5 23. Nxg5 Qxg5 24. Rg3 Bg4 25. hxg4 h4 26. Rf3 Qxg4 27. Nd3 Re6 28.
Qc4 Kh8 29. Kh2 Rd8 30. Qc3 Rg8 31. Rg1 Qxe4 32. Rf4 Qxd3 33. Rxh4+ Qh7 34.
Rxh7+ Kxh7 35. g3 1-0

[Event "Nakhchivan Open 2015"]
[Site "Nakhchivan AZE"]
[Date "2015.05.07"]
[Round "6"]
[White "Kasimdzhanov, Rustam"]
[Black "Rasulov, Vugar"]
[Result "1-0"]
[WhiteElo "2712"]
[BlackElo "2508"]
[PlyCount "117"]
[EventDate "2015.05.02"]

1. d4 Nf6 2. c4 e6 3. Nf3 b6 4. Nc3 Bb4 5. e3 Bb7 6. Bd3 O-O 7. O-O d5 8. cxd5
exd5 9. Qc2 Bd6 10. Nb5 c5 11. Nxd6 Qxd6 12. b3 Nc6 13. dxc5 bxc5 14. Ba3 Nb4
15. Bxb4 cxb4 16. Rfd1 Rfc8 17. Qb2 Rc3 18. h3 Rac8 19. Nd4 Qb6 20. a3 a5 21.
axb4 axb4 22. Ne2 R3c6 23. Ra4 Rb8 24. Qd4 Bc8 25. Rda1 g6 26. Qf4 Nd7 27. Ra5
Rc5 28. Ra7 Rc6 29. R1a5 Rf6 30. Qd4 Qxd4 31. Nxd4 Rb7 32. Bb5 Nb8 33. Ra8 Kg7
34. Ra1 Rfb6 35. Rc1 Be6 36. Rc5 Kf6 37. Ra5 Ke7 38. Kf1 Kd6 39. Rc1 Bd7 40.
Bxd7 Nxd7 41. Ke2 Nf6 42. Rcc5 h5 43. g3 Ke7 44. f3 Rd7 45. g4 hxg4 46. hxg4 g5
47. Kd3 Rdb7 48. Nf5+ Kd7 49. Kd4 Rb8 50. Ra7+ R8b7 51. Ra8 Rb8 52. Rxb8 Rxb8
53. Ra5 Rb7 54. Ke5 Ne8 55. Rxd5+ Kc7 56. Nd6 Nxd6 57. Rxd6 Rb5+ 58. Rd5 Rb6
59. Ke4 1-0

[Event "Nakhchivan Open 2015"]
[Site "Nakhchivan AZE"]
[Date "2015.05.08"]
[Round "7"]
[White "Baklan, Vladimir"]
[Black "Kasimdzhanov, Rustam"]
[Result "1/2-1/2"]
[WhiteElo "2645"]
[BlackElo "2712"]
[PlyCount "33"]
[EventDate "2015.05.02"]

1. e4 e5 2. Nf3 Nc6 3. Bb5 a6 4. Ba4 Nf6 5. O-O Be7 6. Re1 b5 7. Bb3 O-O 8. a4
b4 9. d4 d6 10. dxe5 Nxe5 11. Nxe5 dxe5 12. Qxd8 Rxd8 13. Nd2 Bc5 14. Nf3 Re8
15. Be3 Bxe3 16. Rxe3 Be6 17. Rd1 1/2-1/2

[Event "Nakhchivan Open 2015"]
[Site "Nakhchivan AZE"]
[Date "2015.05.08"]
[Round "7"]
[White "Bacrot, Etienne"]
[Black "Mammadov, Ayaz"]
[Result "1-0"]
[WhiteElo "2712"]
[BlackElo "2407"]
[PlyCount "127"]
[EventDate "2015.05.02"]

1. d4 d5 2. c4 e6 3. Nf3 Nf6 4. Nc3 c6 5. Bg5 Nbd7 6. e3 Qa5 7. cxd5 Nxd5 8.
Qd2 Bb4 9. Rc1 h6 10. Bh4 c5 11. a3 Bxc3 12. bxc3 b6 13. c4 Qxd2+ 14. Nxd2 N5f6
15. Be2 Bb7 16. O-O O-O 17. a4 Rac8 18. a5 Rfe8 19. Rfe1 Ne4 20. Nxe4 Bxe4 21.
f3 Bb7 22. Ra1 Ra8 23. Ra3 Kf8 24. Rd1 cxd4 25. exd4 Ba6 26. Rda1 Bb7 27. Be1
Bc6 28. Bb4+ Kg8 29. Kf2 Rac8 30. axb6 axb6 31. Ra7 Ra8 32. R1a3 Rxa7 33. Rxa7
Ra8 34. Rc7 Ba4 35. Bd3 f5 36. d5 Kf7 37. Bc2 Kf6 38. Bc3+ Ke7 39. Bxa4 Rxa4
40. dxe6 Kxe6 41. Bxg7 h5 42. Kg3 Nc5 43. Rc6+ Kf7 44. Be5 Ne6 45. f4 Ra3+ 46.
Kh4 Ra2 47. Kh3 Rf2 48. Kg3 Rc2 49. h3 h4+ 50. Kxh4 Rxg2 51. Rxb6 Rc2 52. Rb7+
Ke8 53. Bd6 Kd8 54. Rf7 Nd4 55. c5 Rc3 56. Re7 Nc6 57. Rh7 Nd4 58. Kg5 Ne6+ 59.
Kxf5 Nxc5 60. h4 Nb3 61. Be5 Rc6 62. h5 Nc5 63. h6 Nd7 64. Rxd7+ 1-0

[Event "Nakhchivan Open 2015"]
[Site "Nakhchivan AZE"]
[Date "2015.05.09"]
[Round "8"]
[White "Kasimdzhanov, Rustam"]
[Black "Mirzoev, Azer"]
[Result "1/2-1/2"]
[WhiteElo "2712"]
[BlackElo "2552"]
[PlyCount "113"]
[EventDate "2015.05.02"]

1. d4 d5 2. c4 e6 3. Nc3 Be7 4. cxd5 exd5 5. Bf4 c6 6. e3 Bf5 7. Nge2 Nd7 8.
Ng3 Bg6 9. Be2 Ngf6 10. Rc1 O-O 11. h4 h6 12. Bd3 Re8 13. Bxg6 fxg6 14. a3 Nf8
15. h5 Bd6 16. Nce2 Nxh5 17. Nxh5 gxh5 18. Rxh5 Ng6 19. g3 Re6 20. Kd2 Qf6 21.
Qb3 Qe7 22. Rch1 Rf8 23. Qd3 Rf7 24. Kc1 Qd7 25. Kb1 Rff6 26. Qc2 Re7 27. Nc1
Qe6 28. Nd3 Qe4 29. Ka1 Ree6 30. Qd1 Re7 31. Ne5 Nxf4 32. exf4 Bxe5 33. dxe5
Rfe6 34. Re1 Qc4 35. Rhh1 d4 36. Qf3 d3 37. Rc1 Qd4 38. Rhd1 Rd7 39. Rc3 d2 40.
Rc2 Re8 41. Qe2 Red8 42. Rcxd2 Qxd2 43. Rxd2 Rxd2 44. Qe3 R8d3 45. Qxa7 Rb3 46.
e6 Rbxb2 47. Qb8+ Kh7 48. Qe5 Ra2+ 49. Kb1 Re2 50. e7 Rad2 51. Kc1 Rc2+ 52. Kb1
Rcd2 53. Qf5+ Kg8 54. Qf8+ Kh7 55. Qf5+ Kg8 56. Qf8+ Kh7 57. Qf5+ 1/2-1/2

[Event "Nakhchivan Open 2015"]
[Site "Nakhchivan AZE"]
[Date "2015.05.09"]
[Round "8"]
[White "Baklan, Vladimir"]
[Black "Bacrot, Etienne"]
[Result "1/2-1/2"]
[WhiteElo "2645"]
[BlackElo "2712"]
[PlyCount "26"]
[EventDate "2015.05.02"]

1. e4 e5 2. Nf3 Nc6 3. Bb5 Nf6 4. O-O Nxe4 5. Re1 Nd6 6. Nxe5 Be7 7. Bf1 Nxe5
8. Rxe5 O-O 9. d4 Bf6 10. Re1 Re8 11. c3 Rxe1 12. Qxe1 Ne8 13. Bf4 d5 1/2-1/2

[Event "Nakhchivan Open 2015"]
[Site "Nakhchivan AZE"]
[Date "2015.05.10"]
[Round "9"]
[White "Paichadze, Luka"]
[Black "Kasimdzhanov, Rustam"]
[Result "0-1"]
[WhiteElo "2556"]
[BlackElo "2712"]
[PlyCount "88"]
[EventDate "2015.05.02"]

1. e4 c5 2. Nf3 Nc6 3. c3 Nf6 4. e5 Nd5 5. d4 cxd4 6. cxd4 d6 7. Bc4 dxe5 8.
dxe5 Ndb4 9. Qb3 e6 10. O-O Na5 11. Bb5+ Bd7 12. Qa4 Bxb5 13. Qxb5+ Nac6 14.
Nc3 a6 15. Qe2 Qd3 16. Rd1 Qxe2 17. Nxe2 Be7 18. a3 Nd5 19. Ned4 Nxd4 20. Nxd4
O-O-O 21. Bd2 Kb8 22. Rac1 Rc8 23. Nf3 h6 24. Kf1 Rhd8 25. Ke2 Nb6 26. Be3 Rxd1
27. Rxc8+ Kxc8 28. Kxd1 Nc4 29. Bd4 Kd7 30. Nd2 Nxd2 31. Kxd2 Kc6 32. Kd3 Kd5
33. f4 b5 34. g3 g5 35. h3 h5 36. Be3 a5 37. fxg5 Kxe5 38. g4 hxg4 39. hxg4 Kd5
40. Bc1 a4 41. Be3 Bd6 42. Bd4 Be5 43. Bxe5 Kxe5 44. Kc3 Kf4 0-1

[Event "Nakhchivan Open 2015"]
[Site "Nakhchivan AZE"]
[Date "2015.05.10"]
[Round "9"]
[White "Bacrot, Etienne"]
[Black "Beradze, Irakli"]
[Result "1-0"]
[WhiteElo "2712"]
[BlackElo "2310"]
[PlyCount "115"]
[EventDate "2015.05.02"]

1. d4 d5 2. c4 c6 3. Nc3 Nf6 4. e3 Bf5 5. Nf3 e6 6. Nh4 Be4 7. f3 Bg6 8. Qb3
Qb6 9. Nxg6 hxg6 10. Bd2 Nbd7 11. O-O-O Qxb3 12. axb3 a6 13. Bd3 c5 14. h3 Rc8
15. Kb1 Nb6 16. dxc5 Bxc5 17. Na2 Nbd7 18. Rc1 O-O 19. Rhd1 Rfe8 20. g4 g5 21.
Be2 Ba7 22. Rc2 Ne5 23. Bc1 Nc6 24. c5 e5 25. b4 e4 26. fxe4 dxe4 27. b5 axb5
28. Bxb5 Red8 29. Rxd8+ Rxd8 30. b4 Ne5 31. Nc3 Bb8 32. Ra2 Kf8 33. Ra8 Ke7 34.
Ba3 Nc6 35. Bc4 Be5 36. Rxd8 Kxd8 37. Kc2 Ke8 38. Nd5 Nd7 39. b5 Nd8 40. Nc3
Nf6 41. Bf1 Ne6 42. Bg2 Bxc3 43. Kxc3 Nd5+ 44. Kb3 Nf6 45. Kc4 g6 46. b6 Kd8
47. Kb5 Kc8 48. c6 Nd8 49. cxb7+ Nxb7 50. Be7 Nd5 51. Bxg5 f6 52. Bh6 g5 53.
Bf8 Nd8 54. Ka6 Nc3 55. Bb4 Nd5 56. Ba3 Nc3 57. Bb2 Nd1 58. Bd4 1-0

[Event "Russian Championship (rapid) 2015"]
[Site "St Petersburg RUS"]
[Date "2015.05.13"]
[Round "1"]
[White "Inarkiev, Ernesto"]
[Black "Sychev, Klementy"]
[Result "1-0"]
[WhiteElo "2664"]
[BlackElo "2425"]
[PlyCount "50"]
[EventDate "2015.05.13"]

1. d4 d5 2. c4 c6 3. Nf3 Nf6 4. e3 a6 5. b3 b5 6. Ne5 Nfd7 7. Nd3 e6 8. Nd2 Bd6
9. Bb2 O-O 10. g3 a5 11. Bg2 bxc4 12. bxc4 Ba6 13. Qc2 Nf6 14. O-O Nbd7 15. e4
dxe4 16. Nxe4 Nxe4 17. Bxe4 Qc7 18. Rfe1 Rab8 19. Bxh7+ Kh8 20. Be4 c5 21. Rac1
cxd4 22. Bxd4 Nc5 23. Qd2 e5 24. Nxc5 Bxc5 25. Qg5 Be7 1-0

[Event "Russian Championship (rapid) 2015"]
[Site "St Petersburg RUS"]
[Date "2015.05.13"]
[Round "2"]
[White "Goganov, Aleksey"]
[Black "Inarkiev, Ernesto"]
[Result "0-1"]
[WhiteElo "2609"]
[BlackElo "2664"]
[PlyCount "77"]
[EventDate "2015.05.13"]

1. d4 Nf6 2. c4 e6 3. Nc3 d5 4. Nf3 Nbd7 5. Bg5 h6 6. Bh4 Be7 7. e3 O-O 8. Rc1
c6 9. Bd3 b6 10. cxd5 cxd5 11. O-O Bb7 12. Qb3 Rc8 13. Rc2 Ne4 14. Bxe7 Qxe7
15. Bxe4 dxe4 16. Nd2 Ba6 17. Re1 Bd3 18. Rcc1 f5 19. Nb5 Nf6 20. Nc4 Bxc4 21.
Rxc4 a6 22. Nc3 b5 23. Rb4 Rb8 24. Ra1 Rfc8 25. a4 bxa4 26. Rxb8 axb3 27. Rxc8+
Kh7 28. Rxa6 e5 29. d5 Qd7 30. Rc5 f4 31. Rxf6 gxf6 32. Nxe4 Qa7 33. h4 fxe3
34. fxe3 Kg6 35. d6 f5 36. h5+ Kxh5 37. Nf6+ Kg6 38. Ne4 Kh5 39. d7 0-1

[Event "Russian Championship (rapid) 2015"]
[Site "St Petersburg RUS"]
[Date "2015.05.13"]
[Round "3"]
[White "Inarkiev, Ernesto"]
[Black "Matlakov, Maxim"]
[Result "1/2-1/2"]
[WhiteElo "2664"]
[BlackElo "2694"]
[PlyCount "21"]
[EventDate "2015.05.13"]

1. d4 d5 2. c4 c6 3. Nf3 Nf6 4. e3 Bf5 5. Nc3 e6 6. Nh4 Be4 7. f3 Bg6 8. Nxg6
hxg6 9. g3 Nbd7 10. Kf2 Bd6 11. Kg2 1/2-1/2

[Event "Russian Championship (rapid) 2015"]
[Site "St Petersburg RUS"]
[Date "2015.05.13"]
[Round "4"]
[White "Inarkiev, Ernesto"]
[Black "Paravyan, David"]
[Result "1-0"]
[WhiteElo "2664"]
[BlackElo "2469"]
[PlyCount "79"]
[EventDate "2015.05.13"]

1. c4 Nf6 2. Nc3 e5 3. g3 g6 4. Bg2 Bg7 5. Nf3 Nc6 6. d4 exd4 7. Nxd4 O-O 8.
O-O Re8 9. e3 Nxd4 10. exd4 d6 11. Bf4 Bd7 12. Qd2 Bc6 13. d5 Bd7 14. Bg5 Qe7
15. Rfe1 Qf8 16. Nb5 Bxb5 17. cxb5 h6 18. Bf4 Ng4 19. h3 Ne5 20. Rac1 Re7 21.
Rc2 f5 22. Rec1 Qf7 23. Bxh6 Bxh6 24. Qxh6 Rae8 25. Qd2 Qg7 26. f4 Nd7 27. Rxc7
Nc5 28. Rxe7 Rxe7 29. Rc4 Qf7 30. b4 Nd7 31. Rc8+ Kh7 32. g4 Nb6 33. Rd8 Qf6
34. g5 Qa1+ 35. Kh2 Nc4 36. Qf2 Qe1 37. Qd4 Ne5 38. fxe5 dxe5 39. Qc5 Rf7 40.
Qc8 1-0

[Event "Russian Championship (rapid) 2015"]
[Site "St Petersburg RUS"]
[Date "2015.05.13"]
[Round "5"]
[White "Artemiev, Vladislav"]
[Black "Inarkiev, Ernesto"]
[Result "0-1"]
[WhiteElo "2671"]
[BlackElo "2664"]
[PlyCount "130"]
[EventDate "2015.05.13"]

1. Nf3 d5 2. g3 g6 3. Bg2 Bg7 4. d4 Nf6 5. O-O O-O 6. Nbd2 c6 7. c4 b6 8. Qc2
Bf5 9. Qa4 a6 10. Ne5 Qc7 11. Ndf3 Qb7 12. Bf4 b5 13. Qb3 dxc4 14. Nxc4 Be6 15.
Na5 Qb6 16. Qa3 Nd5 17. Be5 Bxe5 18. Nxe5 f6 19. Nd3 Qxd4 20. Rac1 Bf7 21. Nc5
b4 22. Qd3 Qe5 23. Ncb3 Ra7 24. Rxc6 Rd7 25. Rc5 Rfd8 26. Nc4 Qe6 27. Qf3 Nb6
28. Ne3 Na4 29. Rc2 Qe5 30. Ng4 Qe6 31. Bh3 Kg7 32. Bg2 Rd1 33. Ne3 Rxf1+ 34.
Bxf1 Nd7 35. Qf4 Qb6 36. h4 e5 37. Qg4 Be6 38. Qf3 Ndc5 39. h5 e4 40. Qh1 Nxb3
41. axb3 Nc5 42. Qh4 g5 43. h6+ Kg6 44. Qh2 f5 45. g4 f4 46. Nf5 Kf6 47. Ng7
Rd1 48. Ne8+ Ke7 49. Qh5 Rd5 50. Ng7 Bf7 51. Qh2 Rd1 52. Nf5+ Kf6 53. e3 Nd3
54. Nd4 Be8 55. Rc8 Bd7 56. Rf8+ Ke7 57. Rg8 Qf6 58. Rg7+ Kd8 59. Rxh7 Ne5 60.
Qg2 fxe3 61. fxe3 Bb5 62. Nxb5 Nf3+ 63. Kh1 axb5 64. Qf2 Qe5 65. Ra7 Rxf1+ 0-1

[Event "Russian Championship (rapid) 2015"]
[Site "St Petersburg RUS"]
[Date "2015.05.14"]
[Round "6"]
[White "Inarkiev, Ernesto"]
[Black "Ponkratov, Pavel"]
[Result "0-1"]
[WhiteElo "2664"]
[BlackElo "2610"]
[PlyCount "138"]
[EventDate "2015.05.13"]

1. d4 Nf6 2. Nf3 e6 3. g3 b5 4. Bg2 Bb7 5. O-O Be7 6. a4 b4 7. c4 bxc3 8. bxc3
d5 9. Bf4 O-O 10. Nbd2 c5 11. c4 Nc6 12. dxc5 Bxc5 13. Qc2 Nb4 14. Qb2 dxc4 15.
Nxc4 Nfd5 16. Rfd1 Qe7 17. Be5 f6 18. Bd4 Ba6 19. Rac1 Rab8 20. Qd2 Rfc8 21.
Na5 Bb6 22. Bxb6 axb6 23. Nb3 Rxc1 24. Rxc1 Rc8 25. Rxc8+ Bxc8 26. Nfd4 Bd7 27.
Nb5 f5 28. e4 fxe4 29. Bxe4 Nf6 30. Bg2 Nbd5 31. h3 Qe8 32. Qd3 Qe7 33. Qc4 Qf8
34. N3d4 Qc5 35. Bf1 Qxc4 36. Bxc4 Kf8 37. Bd3 e5 38. Nb3 Bxh3 39. Nd2 Bd7 40.
f3 Bxb5 41. axb5 Ke7 42. Nc4 Ke6 43. Kf2 h5 44. Bg6 Ne7 45. Bd3 Nd7 46. Bf1 Kd5
47. Nb2 Kd4 48. Nc4 Nf5 49. g4 hxg4 50. fxg4 Nh6 51. g5 Nf7 52. g6 Ng5 53. Kg3
Ne4+ 54. Kh4 Kc5 55. Ne3 Nd6 56. Kg5 Nf6 57. Bg2 e4 58. Nf5 Nxf5 59. Kxf5 e3
60. Bf3 Kd6 61. Be2 Kd5 62. Bf3+ Kd4 63. Ke6 Ne4 64. Bg4 Nc3 65. Kf7 e2 66.
Bxe2 Nxe2 67. Kxg7 Nf4 68. Kf6 Nxg6 69. Kxg6 Ke5 0-1

[Event "Russian Championship (rapid) 2015"]
[Site "St Petersburg RUS"]
[Date "2015.05.14"]
[Round "7"]
[White "Zvjaginsev, Vadim"]
[Black "Inarkiev, Ernesto"]
[Result "1/2-1/2"]
[WhiteElo "2660"]
[BlackElo "2664"]
[PlyCount "21"]
[EventDate "2015.05.13"]

1. e4 e5 2. Nf3 Nc6 3. g3 Nf6 4. d3 g6 5. Bg2 Bg7 6. O-O O-O 7. c3 d5 8. Nbd2
b6 9. Re1 Bb7 10. b4 a6 11. Bb2 1/2-1/2

[Event "Russian Championship (rapid) 2015"]
[Site "St Petersburg RUS"]
[Date "2015.05.14"]
[Round "8"]
[White "Savchenko, Boris"]
[Black "Inarkiev, Ernesto"]
[Result "0-1"]
[WhiteElo "2556"]
[BlackElo "2664"]
[PlyCount "102"]
[EventDate "2015.05.13"]

1. e4 e5 2. f4 exf4 3. Nf3 g5 4. Bc4 Nc6 5. d4 Bg7 6. g3 g4 7. Nh4 Nxd4 8. c3
d5 9. Bxd5 c6 10. Bc4 fxg3 11. hxg3 Nf3+ 12. Nxf3 Qxd1+ 13. Kxd1 gxf3 14. Bf4
Nf6 15. Nd2 Bg4 16. Kc2 O-O-O 17. Rhf1 Rhe8 18. Rae1 Rd7 19. e5 Bf5+ 20. Kb3
Ng4 21. Nxf3 b5 22. Be2 Nxe5 23. Nxe5 Bxe5 24. Bxe5 Rxe5 25. Rxf5 Rxf5 26. Bg4
Rg5 27. Re8+ Kc7 28. Bxd7 Kxd7 29. Ra8 Rxg3 30. Rxa7+ Ke8 31. Rc7 Rg6 32. c4 h5
33. cxb5 cxb5 34. Rc8+ Kd7 35. Rh8 Rg5 36. Kb4 Ke6 37. Rh6+ f6 38. Rh7 Kf5 39.
Rh8 Kg4 40. b3 h4 41. a4 bxa4 42. bxa4 h3 43. a5 Rh5 44. Rg8+ Kf3 45. a6 Rh7
46. Rf8 h2 47. Rxf6+ Ke2 48. Re6+ Kf2 49. Rf6+ Kg2 50. Rg6+ Kh3 51. a7 h1=Q 0-1